| 000 | nam a22 7a 4500 | ||
|---|---|---|---|
| 999 |
_c77 _d77 |
||
| 005 | 20170417111228.0 | ||
| 008 | 170417b2009 -UK||||| |||| 00| 0 eng d | ||
| 020 | _a9781847981592 | ||
| 040 | _aAKMAL | ||
| 082 | _a343.41055 GRE | ||
| 090 |
_a343.41055 _bGRE |
||
| 245 |
_aTHE GREEN BOOK 2009-10 _bVALUE ADDED TAX |
||
| 300 | _c22cm | ||
| 650 |
_aTAXATION _9229 |
||
| 942 |
_2ddc _cBOOK |
||